| 000 | 00820nam a22002297a 4500 | ||
|---|---|---|---|
| 003 | OSt | ||
| 005 | 20250729115311.0 | ||
| 008 | 250526b |||a|||| |||| 00| 0 spa d | ||
| 020 | _a9589042961 | ||
| 037 | _bDonación | ||
| 040 |
_aCO-JMCR _cCO-JMCR _bspa _dCO-JMCR _erda |
||
| 041 | 1 |
_aspa _heng |
|
| 082 | 0 | 4 |
_a923.342 _bS21v _223 |
| 100 | 1 |
_aSandilands, Roger James. _944151 |
|
| 245 | 1 | 0 |
_aVida y política económica de Lauchlin Currie / _cRoger J. Sandilands ; traducción Gisela de Rosas. |
| 260 |
_aBogotá : _bFondo Editorial Legis, _c©1990. |
||
| 300 |
_axii, 425 páginas : _bilustraciones ; _c23 cm. |
||
| 440 | 0 |
_aColección Fondo Editorial _944152 |
|
| 504 | _aIncluye bibliografía e índice. | ||
| 534 |
_pTítulo original : _tThe life and political economy of Lauchlin Currie. |
||
| 942 |
_2ddc _cBK |
||
| 999 |
_c30993 _d17377 |
||